00302nam a2200109Ia 4500100002800000366000700028245007700035260003500112082001400147300000800161546002300169 aPetersen/W.P/ Arbenz/P  f25 aIntroduction to Parallel computing: A practical guide with examples in C bOxford university pressc2004 a4.35bPET a259 aENGLISHcComputers